En aquel tiempo: historia de autoridad contra individuo

保存先:
書誌詳細
第一著者: Huneeus Cox, Pablo (autor)
フォーマット: 図書
言語:スペイン語
出版事項: Santiago Nueva Generación 1986
版:3a. ed
主題:
タグ: タグ追加
タグなし, このレコードへの初めてのタグを付けませんか!

MARC

LEADER 00000nam a2200000 a 4500
001 UCT8437
003 CL-VaPUC
008 970326e19860000CL |||||||||||||||||spa|d
082 0 4 |a 320.983  |b HUN  |2 21 
100 |a Huneeus Cox, Pablo  |e autor  |9 588797 
245 1 0 |a En aquel tiempo: historia de autoridad contra individuo 
250 |a 3a. ed 
300 |a 373 p 
942 |c BK 
945 |d 19970326 00:00:00  |a rleighto 
260 |a Santiago  |b Nueva Generación  |c 1986 
650 0 |a Condiciones sociales   |9 257278 
650 0 |a Sociología   |9 255410 
650 0 |a Política  |9 255312 
650 0 |a Gobierno   |9 255508 
651 7 |a CHILE  |2 CL-VaPUC  |9 380172 
583 |a last modification  |c 19970326 00:00:00  |k Rodrigo Vera 
999 |c 256934  |d 256932 
952 |0 0  |1 0  |4 0  |6 320_983000000000000_HUN_1986  |7 0  |8 A  |9 280095  |a BIBENE  |b BIBENE  |d 2019-11-19  |i 3277046  |o 320.983 HUN 1986  |p 3277046  |r 2025-01-15  |w 2019-11-19  |y BK  |k ICO